[Event "21st ch-EUR Indiv w 2021"]
[Site "Iasi ROU"]
[Date "2021.08.16"]
[Round "7.51"]
[White "Kostina, Veronika"]
[Black "Zelbova, Lada"]
[Result "1-0"]
[WhiteElo "1801"]
[BlackElo "2070"]
[WhiteFideId "34166235"]
[BlackFideId "23717882"]
[EventDate "2021.08.09"]

1. e4 c5 2. Ne2 g6 3. d4 cxd4 4. Nxd4 Nf6 5. Nc3 d6 6. Be3 Bg7 7. Bc4 O-O 8. Bb3
Nc6 9. f3 Na5 10. Qd2 Nxb3 11. axb3 Bd7 12. O-O a6 13. Rfd1 Be6 14. Bh6 Qc7 15.
Bxg7 Kxg7 16. Nxe6+ fxe6 17. Qe3 Rac8 18. Rd2 Qc5 19. Re1 Qxe3+ 20. Rxe3 Nd7 21.
Ne2 Rc5 22. Rc3 Rfc8 23. Kf2 Kf7 24. Ke3 R8c6 25. Rdd3 Ne5 26. Rxc5 Rxc5 27. Rc3
b6 28. h3 Nc6 29. Rxc5 bxc5 30. Nc3 Nb4 31. Kd2 h5 32. g3 Kg7 33. Ne2 g5 34. c3
Nc6 35. Ke3 Na5 36. Nc1 e5 37. Kd3 Kf6 38. g4 h4 39. c4 Ke6 40. Kc3 Nc6 41. Nd3
a5 42. Nf2 Nd4 43. Nd3 Nxf3 44. Nf2 Kd7 45. Kd3 Kc6 46. Kc3 Nd4 47. Nd1 Ne2+ 48.
Kd2 Nf4 49. Nf2 e6 50. Ke3 d5 51. Kd2 Kd6 52. Ke3 Ng6 53. Kd2 Nf8 54. Kd3 Nh7
55. exd5 exd5 56. cxd5 Kxd5 57. Ne4 Nf8 58. Nxg5 Ng6 59. Ke3 Nf4 60. Nf3 Nxh3
61. Nxh4 Ng5 62. Ng6 Kd6 63. Nh4 Ke6 64. Nf3 Nf7 65. Nd2 Nd6 66. Nc4 Nb5 67.
Nxa5 Nd4 68. Ke4 Kd6 69. Nc4+ Ke6 70. Nxe5 Nxb3 71. Nd3 c4 72. Ne5 Na5 73. Kd4
Kf6 74. Nxc4 Nb3+ 75. Kc3 Nc5 76. b4 Nd7 77. Kd4 Kg5 78. b5 Nb8 79. Ne5 Kf4 80.
Kd5 1-0

[Event "21st ch-EUR Indiv w 2021"]
[Site "Iasi ROU"]
[Date "2021.08.16"]
[Round "7.52"]
[White "Matasaru, Stephanie"]
[Black "Tarasenka, Aliaksandra"]
[Result "0-1"]
[BlackTitle "WFM"]
[WhiteElo "1741"]
[BlackElo "2061"]
[WhiteFideId "1242040"]
[BlackFideId "13514288"]
[EventDate "2021.08.09"]

1. e4 e6 2. d4 d5 3. Nc3 Nf6 4. e5 Nfd7 5. f4 c5 6. Nf3 Nc6 7. Be3 Be7 8. Bd3
Qb6 9. Na4 Qa5+ 10. c3 cxd4 11. b4 Bxb4 12. cxb4 Nxb4 13. Nxd4 Nxd3+ 14. Ke2 b6
15. Kf3 N3c5 16. Nb2 O-O 17. g4 f6 18. exf6 Nxf6 19. Nb3 Nxb3 20. axb3 Qb5 21.
Nd3 d4 22. g5 Bb7+ 23. Ke2 dxe3 24. gxf6 Qh5+ 25. Kxe3 Qh3+ 26. Ke2 Bf3+ 0-1

[Event "21st ch-EUR Indiv w 2021"]
[Site "Iasi ROU"]
[Date "2021.08.16"]
[Round "7.53"]
[White "Verbin, Valentina"]
[Black "Donghvani, Nia"]
[Result "1-0"]
[WhiteElo "2012"]
[BlackElo "1902"]
[WhiteFideId "13905910"]
[BlackFideId "13614649"]
[EventDate "2021.08.09"]

1. e4 c5 2. Nf3 d6 3. d4 cxd4 4. Nxd4 Nf6 5. Nc3 a6 6. h3 e5 7. Nde2 Be7 8. g4
Be6 9. Bg2 h6 10. O-O Nbd7 11. a4 Nf8 12. Ng3 Ng6 13. Nf5 O-O 14. Be3 Re8 15.
Qd2 Bxf5 16. exf5 Nh4 17. Bh1 Nh7 18. Rad1 Ng5 19. Bxg5 hxg5 20. Nd5 Bf8 21. a5
e4 22. Rfe1 Rc8 23. Rxe4 Rxe4 24. Bxe4 Qe8 25. Qxg5 Ng6 26. fxg6 Qxe4 27. gxf7+
Kxf7 28. c3 Re8 29. Rd4 Qb1+ 30. Kg2 Re5 31. Qd8 Rxd5 32. Rf4+ Kg6 33. Qxf8 Qd3
34. Qf7+ Kh7 35. Rf5 Qe4+ 36. Kh2 Rxf5 37. Qxf5+ Qxf5 38. gxf5 Kg8 39. Kg3 Kf7
40. Kf4 1-0

[Event "21st ch-EUR Indiv w 2021"]
[Site "Iasi ROU"]
[Date "2021.08.16"]
[Round "7.54"]
[White "Hercog, Nusa"]
[Black "Batagan, Ilinca-Petra"]
[Result "0-1"]
[WhiteTitle "WFM"]
[WhiteElo "2000"]
[BlackElo "1846"]
[WhiteFideId "14614324"]
[BlackFideId "1261002"]
[EventDate "2021.08.09"]

1. d4 d5 2. c4 e6 3. Nf3 Nf6 4. Nc3 c5 5. cxd5 cxd4 6. Qxd4 Nxd5 7. e4 Nxc3 8.
Qxd8+ Kxd8 9. bxc3 Nc6 10. Bb5 Bd7 11. O-O Bc5 12. Rd1 Ke7 13. c4 Rhd8 14. Bb2
f6 15. Rd2 a6 16. Ba4 Bb4 17. Rdd1 Rac8 18. a3 Ba5 19. Rac1 Ne5 20. Bb3 Nxf3+
21. gxf3 Bb6 22. Kf1 Bc7 23. h3 Bf4 24. Rc2 Rc5 25. Ke2 Rh5 26. Bd4 Bc6 27. h4
Rxh4 28. Bc5+ Ke8 29. Rg1 Rd7 30. Bb4 Rh5 31. Ra2 Rg5 32. Rh1 h6 33. Rc2 Rg2 34.
Bc5 Rh2 35. Rg1 Rh5 36. Bb4 a5 37. Bc3 Rc5 38. a4 Kf7 39. Bb2 h5 40. Ba3 Rg5 41.
Rh1 Rd8 42. Ra2 Rh8 43. Raa1 h4 44. Rh3 Rgh5 45. Rd1 Rg8 46. Bc2 g5 47. Bb2 Rhh8
48. Bc3 Rd8 49. Rb1 Ra8 50. Rd1 Rhd8 51. Rb1 Kg6 52. Rg1 Rh8 53. Rd1 Rh7 54. Rb1
Rc7 55. Rhh1 Bxa4 56. Bxa4 Rxc4 57. Bd7 Rxc3 58. Bxe6 Rc7 59. Rb5 a4 60. Rhb1
Ra7 61. Bf5+ Kg7 62. R1b2 a3 63. Ra2 Be5 64. Rb3 Rc3 65. Rb5 Kf8 66. Bg4 Ke7 67.
Bf5 Kd6 68. Rd5+ Kc7 69. Rb5 Ra8 70. Be6 Rd8 71. Rb1 Rdd3 72. Bg4 Rb3 73. Rxb3
Rxb3 74. Kd1 Rb1+ 75. Kc2 Rb2+ 76. Rxb2 Bxb2 77. Kb3 Kd6 78. Bh3 Ke5 79. Kc2 Bd4
80. Kb3 Bxf2 81. Kxa3 Kf4 82. Bg4 h3 83. Bxh3 Kxf3 84. Bf5 g4 85. Bc8 b6 86. Bb7
Kf4 87. Kb3 g3 88. e5 fxe5 89. Bg2 Bd4 90. Kc4 Ke3 0-1

[Event "21st ch-EUR Indiv w 2021"]
[Site "Iasi ROU"]
[Date "2021.08.16"]
[Round "7.55"]
[White "Andries, Alexia"]
[Black "Bashylina, Luisa"]
[Result "0-1"]
[BlackTitle "WCM"]
[WhiteElo "1420"]
[BlackElo "1992"]
[WhiteFideId "1267272"]
[BlackFideId "12983292"]
[EventDate "2021.08.09"]

1. d4 Nf6 2. c4 g6 3. Nc3 d5 4. e3 Bg7 5. Nf3 O-O 6. Be2 c5 7. h3 cxd4 8. exd4
Nc6 9. O-O dxc4 10. Bxc4 Na5 11. Be2 Be6 12. Ne5 Rc8 13. Re1 Nd5 14. Nxd5 Bxd5
15. Be3 e6 16. b3 f6 17. Nf3 f5 18. Ne5 f4 19. Bc1 Nc6 20. Bb2 Nxe5 21. dxe5 f3
22. Bxf3 Rxf3 23. Rc1 Rxc1 24. Qxc1 Rf5 25. Qe3 b6 26. Rc1 Rg5 27. g4 Bb7 28. f4
Qd5 29. Qg3 Qd2 30. Qf2 Qd5 31. Qg3 Bxe5 32. fxe5 h5 33. Re1 hxg4 34. hxg4 Qc5+
35. Qe3 Rxg4+ 36. Kh2 Rg2+ 37. Kh3 Qxe3+ 38. Rxe3 Rxb2 0-1

[Event "21st ch-EUR Indiv w 2021"]
[Site "Iasi ROU"]
[Date "2021.08.16"]
[Round "7.56"]
[White "Mirza, Diana"]
[Black "Maria, Lia-Alexandra"]
[Result "0-1"]
[WhiteTitle "WFM"]
[BlackTitle "WCM"]
[WhiteElo "1933"]
[BlackElo "1837"]
[WhiteFideId "2503999"]
[BlackFideId "1248952"]
[EventDate "2021.08.09"]

1. d4 Nf6 2. Nf3 e6 3. c4 b6 4. g3 Bb7 5. Bg2 c5 6. O-O cxd4 7. Nxd4 Bxg2 8.
Kxg2 d6 9. Nc3 a6 10. e4 Nbd7 11. f4 Qc7 12. Be3 Be7 13. g4 Qb7 14. Kf3 g5 15.
Qa4 gxf4 16. Bf2 Kf8 17. g5 Ne5+ 18. Kxf4 Nh5+ 19. Ke3 Bxg5+ 20. Ke2 Nf4+ 21.
Kd1 Rc8 22. b3 b5 23. Qb4 Ned3 24. Qxd6+ Be7 25. Nxe6+ fxe6 26. Qd4 e5 27. Qe3
Bc5 28. Qf3 Nxf2+ 29. Kc2 bxc4 30. bxc4 Qb4 31. Rab1 Qxc4 32. Rg1 Nxe4 33. Rg4
Qxc3+ 34. Qxc3 Nxc3 35. Kxc3 Rg8 36. Rh4 Bf2+ 0-1

[Event "21st ch-EUR Indiv w 2021"]
[Site "Iasi ROU"]
[Date "2021.08.16"]
[Round "7.57"]
[White "Babineca, Darja"]
[Black "Trippold, Denise"]
[Result "1/2-1/2"]
[BlackTitle "WFM"]
[WhiteElo "1756"]
[BlackElo "2098"]
[WhiteFideId "1337440"]
[BlackFideId "1625594"]
[EventDate "2021.08.09"]

1. e4 c5 2. Nf3 e6 3. d4 cxd4 4. Nxd4 Nc6 5. Nc3 Qc7 6. Be3 a6 7. Qd2 Nf6 8. f3
Be7 9. g4 d6 10. O-O-O Ne5 11. Qe2 b5 12. g5 Nfd7 13. f4 b4 14. Nb1 Nc6 15. Nd2
Bb7 16. Qf2 Rc8 17. Nxc6 Qxc6 18. Bd3 a5 19. Nb3 Qc7 20. Rhf1 Nc5 21. Bb5+ Bc6
22. Bxc6+ Qxc6 23. Nxc5 dxc5 24. Qf3 O-O 25. f5 exf5 26. exf5 Qxf3 27. Rxf3 Rfd8
28. f6 Rxd1+ 29. Kxd1 Bd6 30. h3 Be5 31. Rf5 Bxb2 32. Bxc5 gxf6 33. gxf6 Bxf6
34. Bxb4 axb4 35. Rxf6 Rc4 36. Kd2 Kg7 37. Rf3 f6 38. c3 bxc3+ 39. Rxc3 Ra4 40.
a3 Kg6 41. Kc2 f5 42. Kb3 Ra8 43. Kc4 h5 44. Kb5 f4 45. a4 Kf5 46. Rc5+ Ke4 47.
Rxh5 f3 48. Rc5 Rb8+ 49. Ka6 Ra8+ 50. Kb5 Rf8 51. Rc1 f2 52. Rf1 Ke3 53. a5 Ke2
54. Rxf2+ Kxf2 55. a6 Ke3 56. a7 Kd4 57. Kb6 Kd5 58. Kb7 Rf7+ 59. Kb6 Rf8 60.
Kb7 Rf7+ 61. Kb6 Rf8 1/2-1/2

[Event "21st ch-EUR Indiv w 2021"]
[Site "Iasi ROU"]
[Date "2021.08.16"]
[Round "7.58"]
[White "Pirvan, Maria"]
[Black "Paraschiv, Petronela-Alexandra"]
[Result "0-1"]
[WhiteElo "1628"]
[BlackElo "1979"]
[WhiteFideId "1262629"]
[BlackFideId "1233696"]
[EventDate "2021.08.09"]

1. e4 d6 2. d4 g6 3. Nc3 Bg7 4. f4 Nf6 5. Nf3 c6 6. Bd3 b5 7. a3 a6 8. O-O Qb6
9. Kh1 O-O 10. Be3 Qc7 11. Qd2 Ng4 12. Bg1 e6 13. h3 Nf6 14. Ne2 Nbd7 15. Rac1
Nb6 16. Ng3 Nfd7 17. f5 e5 18. dxe5 Nxe5 19. Nxe5 Bxe5 20. Bxb6 Qxb6 21. f6 Qd8
22. Qg5 h6 23. Qxh6 Bxf6 24. Nh5 Be5 25. g4 Bxg4 26. hxg4 Qh4+ 27. Kg2 Qxg4+ 28.
Kf2 Bd4+ 29. Ke1 Qxh5 30. Qf4 Be5 31. Qe3 Kg7 32. c3 Qh6 33. Qxh6+ Kxh6 34. Kd2
Kg7 35. Kc2 Rh8 36. Rf2 Rh2 37. Rxh2 Bxh2 38. c4 Bf4 39. Rf1 g5 40. cxb5 axb5
41. Be2 Re8 42. Bf3 c5 43. b3 Rh8 44. Rf2 Kf6 45. a4 bxa4 46. bxa4 Ke5 47. Kb3
Kd4 0-1

[Event "21st ch-EUR Indiv w 2021"]
[Site "Iasi ROU"]
[Date "2021.08.17"]
[Round "8.2"]
[White "Khotenashvili, Bela"]
[Black "Arabidze, Meri"]
[Result "1-0"]
[WhiteTitle "GM"]
[BlackTitle "IM"]
[WhiteElo "2471"]
[BlackElo "2438"]
[WhiteFideId "13602640"]
[BlackFideId "13604040"]
[EventDate "2021.08.09"]

1. d4 Nf6 2. c4 e6 3. Nf3 b6 4. g3 Bb7 5. Bg2 Be7 6. O-O O-O 7. Nc3 d5 8. cxd5
exd5 9. Bf4 Na6 10. Rc1 c5 11. dxc5 Bxc5 12. a3 Re8 13. b4 Bd6 14. Bxd6 Qxd6 15.
Nb5 Qd7 16. Qd3 Ne4 17. Rc2 Nac5 18. bxc5 Nxc5 19. Rxc5 bxc5 20. Nc3 h6 21. Nd2
Red8 22. Rd1 Bc6 23. Nc4 Rab8 24. Ne5 Qe8 25. Nxc6 Qxc6 26. Bxd5 c4 27. Qd4 Qf6
28. a4 Qxd4 29. Rxd4 Rb3 30. Rxc4 Rxc3 31. Bxf7+ Kxf7 32. Rxc3 Rd7 33. Rc6 Rd2
34. Kf1 Rd7 35. a5 Kg8 36. a6 Rd1+ 37. Kg2 Ra1 38. e4 1-0

[Event "21st ch-EUR Indiv w 2021"]
[Site "Iasi ROU"]
[Date "2021.08.17"]
[Round "8.3"]
[White "Danielian, Elina"]
[Black "Bodnaruk, Anastasia"]
[Result "1-0"]
[WhiteTitle "GM"]
[BlackTitle "IM"]
[WhiteElo "2407"]
[BlackElo "2449"]
[WhiteFideId "13300210"]
[BlackFideId "4181751"]
[EventDate "2021.08.09"]

1. d4 Nf6 2. c4 g6 3. Nf3 Bg7 4. g3 O-O 5. Bg2 d6 6. Nc3 Nc6 7. O-O a6 8. Bf4 h6
9. Qd3 Ng4 10. Rad1 f5 11. h3 e5 12. dxe5 Ngxe5 13. Qd5+ Kh7 14. c5 g5 15. Bc1
Nxf3+ 16. exf3 Qf6 17. cxd6 Rd8 18. f4 Rxd6 19. fxg5 hxg5 20. Qf3 Be6 21. Rxd6
cxd6 22. Rd1 Rd8 23. Nd5 Qg6 24. Qe3 Bh6 25. Qb6 Rd7 26. Nc7 Bxa2 27. Qxb7 Ne5
28. Qc8 f4 29. Nd5 f3 30. Bf1 Qf7 31. Qc2+ Kg7 32. b3 Bxb3 33. Qxb3 Rb7 34. Qa3
Qe6 35. Ne3 Rb6 36. Rxd6 1-0

[Event "21st ch-EUR Indiv w 2021"]
[Site "Iasi ROU"]
[Date "2021.08.17"]
[Round "8.4"]
[White "Javakhishvili, Lela"]
[Black "Zawadzka, Jolanta"]
[Result "1-0"]
[WhiteTitle "IM"]
[BlackTitle "WGM"]
[WhiteElo "2470"]
[BlackElo "2403"]
[WhiteFideId "13601458"]
[BlackFideId "1122320"]
[EventDate "2021.08.09"]

1. d4 d5 2. c4 e6 3. Nf3 Nf6 4. Nc3 dxc4 5. e4 b5 6. e5 Nd5 7. Nxb5 Nb6 8. Be2
Nc6 9. O-O Be7 10. Be3 O-O 11. Qc1 Rb8 12. Nc3 Bb7 13. Rd1 Nb4 14. Nd2 Qd7 15.
Bf1 Nd3 16. Qc2 Nb4 17. Qb1 Qc6 18. a3 N4d5 19. Nxd5 Qxd5 20. Qc2 Ba8 21. f3 Qb7
22. Rab1 Nd5 23. Bf2 f6 24. Nxc4 Nf4 25. b4 fxe5 26. Nxe5 Rf5 27. Rb3 c5 28. b5
cxd4 29. Nc6 Rc5 30. Bc4 Rg5 31. Rxd4 Rxg2+ 32. Kh1 Rxf2 33. Qxf2 Rf8 34. Qe3
Bg5 35. Qe5 h6 36. Bxe6+ Nxe6 37. Qxe6+ Kh7 38. Rd7 Qb6 39. Qe4+ Kg8 40. Qd4
Qxd4 41. Nxd4 Rc8 42. Ne6 Rc1+ 43. Kg2 Bf6 44. Nc7 Rc2+ 45. Kf1 Bb7 46. Ne8 Bc8
47. Nxf6+ gxf6 48. Rxa7 Be6 49. Rb4 1-0

[Event "21st ch-EUR Indiv w 2021"]
[Site "Iasi ROU"]
[Date "2021.08.17"]
[Round "8.5"]
[White "Mammadzada, Gunay"]
[Black "Injac, Teodora"]
[Result "1/2-1/2"]
[WhiteTitle "IM"]
[BlackTitle "WGM"]
[WhiteElo "2460"]
[BlackElo "2370"]
[WhiteFideId "13403729"]
[BlackFideId "932400"]
[EventDate "2021.08.09"]

1. e4 e5 2. Nf3 Nc6 3. Bb5 Nf6 4. O-O Nxe4 5. Re1 Nd6 6. Nxe5 Be7 7. Bf1 Nxe5 8.
Rxe5 O-O 9. d4 Ne8 10. d5 Bc5 11. Re1 d6 12. Nc3 Bf5 13. Bd3 Qf6 14. Be3 Qg6 15.
Bxc5 dxc5 16. Re7 Rc8 17. a4 Nd6 18. Nb5 a6 19. Nxd6 Qxd6 20. Bxf5 Qxe7 21. Bxc8
Rxc8 22. h3 Qe5 23. Rb1 Qe4 24. b3 Re8 25. Qd2 h6 26. Rd1 b5 27. axb5 axb5 28.
Qc3 Qe2 29. Rf1 Qe7 30. Ra1 Qd6 31. Qd3 Qe5 32. Rf1 b4 33. Qb5 Qe7 34. Ra1 Rd8
35. Rd1 Qd6 36. Qd3 Qe5 37. Qc4 Qd6 38. Rd3 Ra8 39. g3 Re8 40. Kg2 Re5 41. Qb5
Kh7 42. Qc6 Kg6 43. Qa8 Kh7 44. Rd2 f5 45. Qc6 Kg6 46. Rd3 Qxc6 47. dxc6 Re6 48.
c4 Rxc6 49. Rd7 Kf6 50. f4 h5 51. h4 g6 52. Kf2 Ke6 53. Rg7 Kf6 54. Rd7 Ke6 55.
Rg7 Kf6 1/2-1/2

[Event "21st ch-EUR Indiv w 2021"]
[Site "Iasi ROU"]
[Date "2021.08.17"]
[Round "8.6"]
[White "Socko, Monika"]
[Black "Buksa, Nataliya"]
[Result "0-1"]
[WhiteTitle "GM"]
[BlackTitle "IM"]
[WhiteElo "2393"]
[BlackElo "2413"]
[WhiteFideId "1106619"]
[BlackFideId "14123622"]
[EventDate "2021.08.09"]

1. Nf3 c5 2. g3 Nc6 3. Bg2 e5 4. d3 g6 5. O-O Bg7 6. c4 Nge7 7. Nc3 O-O 8. a3 d6
9. Rb1 a5 10. Ne1 Be6 11. Nd5 Rb8 12. Nc2 b5 13. Bd2 b4 14. Qc1 Bg4 15. Nxe7+
Nxe7 16. Re1 Bd7 17. Ne3 Bc6 18. Nd5 Nxd5 19. Bxd5 Bxd5 20. cxd5 f5 21. Qc4 Qb6
22. Rbc1 Qb7 23. axb4 axb4 24. Ra1 Ra8 25. f4 Rfe8 26. Rxa8 Rxa8 27. e4 Qa6 28.
Qc2 Qa4 29. Qxa4 Rxa4 30. exf5 gxf5 31. Kf2 Ra2 32. Rb1 exf4 33. Bxf4 Bxb2 34.
Kf3 Bd4 35. g4 Ra1 36. Rxa1 Bxa1 37. Ke2 fxg4 38. Bxd6 Bd4 39. Kd2 b3 40. Bg3
Kf7 41. Kc1 Ke7 42. Kb1 h5 43. Kc1 Bf6 44. Kb1 h4 45. Bf4 Kd7 46. Kc1 g3 47.
hxg3 h3 48. g4 Bg5 0-1

[Event "21st ch-EUR Indiv w 2021"]
[Site "Iasi ROU"]
[Date "2021.08.17"]
[Round "8.7"]
[White "Daulyte-Cornette, Deimante"]
[Black "Tsolakidou, Stavroula"]
[Result "1-0"]
[WhiteTitle "IM"]
[BlackTitle "IM"]
[WhiteElo "2408"]
[BlackElo "2389"]
[WhiteFideId "12802859"]
[BlackFideId "4264312"]
[EventDate "2021.08.09"]

1. e4 c5 2. Nf3 d6 3. d4 cxd4 4. Nxd4 Nf6 5. Nc3 a6 6. a4 e5 7. Nf3 Qc7 8. Bg5
Nbd7 9. Nd2 h6 10. Be3 Nc5 11. Nc4 Be6 12. Nd5 Nxd5 13. exd5 Bf5 14. a5 Be7 15.
Nb6 Rd8 16. b4 Nd7 17. c4 Bg5 18. Qd2 Nxb6 19. axb6 Qe7 20. Be2 O-O 21. O-O Rfe8
22. Rfc1 Be4 23. Bd3 Bxd3 24. Qxd3 e4 25. Qd2 f5 26. Rd1 Rf8 27. Bxg5 hxg5 28.
Qd4 f4 29. c5 dxc5 30. bxc5 Rf5 31. d6 Qd7 32. Rac1 Qc6 33. Qc4+ Kf8 34. Qe6 Rf7
35. Qg6 f3 36. Qh7 Rfd7 37. gxf3 exf3 38. Qh8+ Kf7 39. Qh5+ Kf8 40. Qxg5 Re8 41.
Rd4 Re6 42. Qf5+ Rf6 43. Qe5 Qc8 44. Re1 Rdf7 45. Rde4 Kg8 46. Qxf6 gxf6 47.
Re8+ Qxe8 48. Rxe8+ Kg7 49. Re7 1-0

[Event "21st ch-EUR Indiv w 2021"]
[Site "Iasi ROU"]
[Date "2021.08.17"]
[Round "8.8"]
[White "Mammadova, Gulnar"]
[Black "Unuk, Laura"]
[Result "1-0"]
[WhiteTitle "IM"]
[BlackTitle "IM"]
[WhiteElo "2385"]
[BlackElo "2407"]
[WhiteFideId "13403508"]
[BlackFideId "14609215"]
[EventDate "2021.08.09"]

1. e4 e5 2. Nf3 Nc6 3. d4 exd4 4. Nxd4 Nf6 5. Nxc6 bxc6 6. e5 Qe7 7. Qe2 Nd5 8.
g3 g6 9. c4 Nb6 10. b3 Bg7 11. Bb2 O-O 12. Nd2 d5 13. Bg2 Re8 14. O-O Bxe5 15.
Rae1 f6 16. Kh1 Qf8 17. f4 Bg4 18. Qxg4 Bxb2 19. f5 Rxe1 20. Rxe1 Re8 21. Rd1
Qf7 22. c5 Nd7 23. Qa4 Ne5 24. Nf3 Nxf3 25. Bxf3 Re3 26. Rf1 Qe8 27. Kg2 Rc3 28.
Rf2 Bc1 29. Bxd5+ Kg7 30. fxg6 hxg6 31. Qd4 Qe5 32. Qxe5 fxe5 33. Rf7+ Kh6 34.
Bxc6 Rxc5 35. Be4 Bg5 36. h4 Bd8 37. Rf8 Be7 38. Rg8 Kh7 39. Rxg6 Kh8 40. h5 Rc1
41. h6 Re1 42. Bf5 Re2+ 43. Kh3 Rf2 44. g4 e4 45. Re6 1-0

[Event "21st ch-EUR Indiv w 2021"]
[Site "Iasi ROU"]
[Date "2021.08.17"]
[Round "8.9"]
[White "Kiolbasa, Oliwia"]
[Black "Hoang, Thanh Trang"]
[Result "1-0"]
[WhiteTitle "WIM"]
[BlackTitle "GM"]
[WhiteElo "2288"]
[BlackElo "2404"]
[WhiteFideId "1154613"]
[BlackFideId "12400149"]
[EventDate "2021.08.09"]

1. e4 e6 2. d4 d5 3. e5 c5 4. c3 Nc6 5. Nf3 Qb6 6. Na3 cxd4 7. cxd4 Bb4+ 8. Bd2
Nge7 9. Nc2 Bxd2+ 10. Qxd2 Qxb2 11. Bd3 Qb6 12. O-O h6 13. Rab1 Qd8 14. Ne3 b6
15. Rfc1 Na5 16. g3 Bd7 17. Ng2 Nc4 18. Qe2 b5 19. Nf4 O-O 20. h4 g6 21. Nh2 Nc6
22. Qg4 Be8 23. Nh5 Kh8 24. Nf6 Kg7 25. h5 a6 26. Nf3 Qc8 27. Kg2 Ne7 28. Rh1
Rh8 29. Qf4 Bc6 30. g4 g5 31. Nxg5 hxg5 32. Qxg5+ Kf8 33. h6 Ng6 34. h7 Ra7 35.
Bxg6 fxg6 36. Nd7+ Ke8 37. Qf6 Kxd7 38. Qg7+ 1-0

[Event "21st ch-EUR Indiv w 2021"]
[Site "Iasi ROU"]
[Date "2021.08.17"]
[Round "8.10"]
[White "Milliet, Sophie"]
[Black "Narva, Mai"]
[Result "1/2-1/2"]
[WhiteTitle "IM"]
[BlackTitle "WIM"]
[WhiteElo "2403"]
[BlackElo "2276"]
[WhiteFideId "623725"]
[BlackFideId "4500512"]
[EventDate "2021.08.09"]

1. e4 c5 2. Nf3 a6 3. c3 d5 4. exd5 Qxd5 5. d4 Nf6 6. Be2 e6 7. O-O Nc6 8. Be3
cxd4 9. Nxd4 e5 10. c4 Qd6 11. Nxc6 Qxc6 12. Nc3 Be6 13. Qa4 Rc8 14. Qxc6+ Rxc6
15. Bf3 Rc7 16. c5 Bxc5 17. Bxc5 Rxc5 18. Bxb7 a5 19. Rfc1 O-O 20. b3 Rb8 21.
Ba6 Rc6 22. Bf1 Rbc8 23. Ne2 Rc2 24. Rxc2 Rxc2 25. f4 exf4 26. Nxf4 Bf5 27. Rd1
Kf8 28. a4 Rb2 29. Rd8+ Ke7 30. Ra8 Rxb3 31. Rxa5 Bd7 32. Bb5 Bxb5 33. Rxb5 Rxb5
34. axb5 Kd6 35. Nd3 Nd7 36. Kf2 Kd5 37. Ke3 Kc4 38. b6 Nxb6 39. Ne5+ Kd5 40.
Nxf7 h6 41. Kf4 Ke6 42. Nd8+ 1/2-1/2

[Event "21st ch-EUR Indiv w 2021"]
[Site "Iasi ROU"]
[Date "2021.08.17"]
[Round "8.11"]
[White "Beydullayeva, Govhar"]
[Black "Batsiashvili, Nino"]
[Result "1/2-1/2"]
[WhiteTitle "WIM"]
[BlackTitle "GM"]
[WhiteElo "2282"]
[BlackElo "2487"]
[WhiteFideId "13413015"]
[BlackFideId "13602993"]
[EventDate "2021.08.09"]

1. d4 d6 2. Nf3 Nf6 3. c4 g6 4. Nc3 Bg7 5. g3 O-O 6. Bg2 Nbd7 7. O-O e5 8. e4 c6
9. h3 Qa5 10. Be3 exd4 11. Nxd4 Ne5 12. Qe2 c5 13. Ndb5 Be6 14. Nd5 Bxd5 15.
exd5 Ne8 16. Bg5 a6 17. Nc3 Qb4 18. Be7 Qxc4 19. Rad1 Qxe2 20. Nxe2 b5 21. Nc1
Bf6 22. Bxf8 Kxf8 23. b3 Nc7 24. Nd3 Nxd3 25. Rxd3 b4 26. Rc1 Nb5 27. Bf1 Bd4
28. Rf3 Nc3 29. a4 Nxd5 30. Rxf7+ Kxf7 31. Bc4 Kf6 32. Bxd5 Re8 33. Bc4 a5 34.
Kg2 Rd8 35. Rd1 d5 36. Bb5 Ke5 37. Re1+ Kd6 38. Rd1 Rb8 39. Be2 Rf8 40. Bf3 Kc6
41. Rd3 Rf5 42. Rd2 Bc3 43. Rd1 Rxf3 44. Kxf3 c4 45. Ke2 Kc5 46. f4 cxb3 47. Kd3
b2 48. g4 Bf6 49. Kc2 Kc4 50. f5 gxf5 51. gxf5 b3+ 52. Kb1 d4 53. h4 h5 54. Rg1
d3 55. Rd1 Bxh4 56. f6 Kc3 57. f7 Be7 58. Rh1 d2 59. Rh3+ Kc4 60. Rh1 h4 61. Rd1
Kd3 62. Rh1 Bd6 63. Kxb2 Ke2 64. f8=Q Bxf8 65. Rh2+ Ke3 66. Rh3+ Kf2 67. Rh2+
Kg3 68. Rxd2 h3 69. Rd3+ Kg4 70. Rd4+ Kg5 71. Rd5+ Kg6 72. Kxb3 h2 73. Rd1 Kg5
74. Rh1 Bd6 75. Kc4 Kg4 76. Kb5 Bc7 77. Rxh2 Bxh2 78. Kxa5 1/2-1/2

[Event "21st ch-EUR Indiv w 2021"]
[Site "Iasi ROU"]
[Date "2021.08.17"]
[Round "8.12"]
[White "Girya, Olga"]
[Black "Peycheva, Gergana"]
[Result "1/2-1/2"]
[WhiteTitle "WGM"]
[BlackTitle "FM"]
[WhiteElo "2425"]
[BlackElo "2332"]
[WhiteFideId "4195752"]
[BlackFideId "2916711"]
[EventDate "2021.08.09"]

1. d4 d5 2. c4 e6 3. Nf3 Nf6 4. g3 dxc4 5. Bg2 a6 6. O-O Nc6 7. Qd2 Bb4 8. Qc2
O-O 9. Qxc4 Bd6 10. Nbd2 e5 11. dxe5 Nxe5 12. Nxe5 Bxe5 13. Qc2 Qe7 14. Nc4 Re8
15. Nxe5 Qxe5 16. e4 Nxe4 17. Bf4 Qe7 18. Rfe1 Bf5 19. Qxc7 Qb4 20. Be3 Qxb2 21.
a4 b5 22. Rab1 Qf6 23. axb5 Rac8 24. Qa7 axb5 25. Rxb5 Bg6 26. Qd4 Qxd4 27. Bxd4
Nd6 28. Rbe5 Rxe5 29. Bxe5 Nc4 30. Bf4 f6 31. Re7 Kf8 32. Ra7 Bf7 33. h4 h5 34.
Be4 Ne5 35. Bxe5 fxe5 36. Ra5 Re8 37. Kg2 g6 38. Kf3 Kg7 39. Ke3 Kf6 40. f3 Rb8
41. Ra6+ Kg7 42. Ra7 Kf8 43. Bd3 Rd8 44. Ra5 Re8 45. g4 hxg4 46. fxg4 Re7 47. g5
Kg7 48. Be4 Kf8 49. Rc5 Kg7 50. Kd3 Ra7 51. Ke3 Ra3+ 52. Bd3 Ra4 53. h5 gxh5 54.
Rc7 Rg4 55. g6 Rg3+ 56. Ke2 Rxg6 57. Bxg6 Kxg6 58. Kf3 Bd5+ 59. Kg3 Kf5 60. Rh7
Ke4 61. Rxh5 Kd4 62. Rh4+ e4 63. Kf4 e3 64. Rh3 e2 65. Re3 Bc4 66. Kf3 Bd3 67.
Kf2 Bc4 68. Ra3 Bd3 69. Ke1 Bc4 70. Kd2 Bb5 71. Ra5 Bc4 72. Rg5 Ke4 73. Rg4+ Kd5
74. Rh4 Kc5 75. Rh1 Kd4 76. Rg1 Bb5 77. Rg4+ Kd5 78. Rg5+ Kc6 79. Re5 Kb6 80.
Kc3 Kc6 81. Kb4 Kd6 82. Re3 Ba6 83. Ka5 Bc4 84. Rxe2 Bxe2 1/2-1/2

[Event "21st ch-EUR Indiv w 2021"]
[Site "Iasi ROU"]
[Date "2021.08.17"]
[Round "8.13"]
[White "Mkrtchian, Lilit"]
[Black "Schulze, Lara"]
[Result "1/2-1/2"]
[WhiteTitle "IM"]
[BlackTitle "FM"]
[WhiteElo "2388"]
[BlackElo "2269"]
[WhiteFideId "13300601"]
[BlackFideId "12956830"]
[EventDate "2021.08.09"]

1. d4 Nf6 2. c4 e6 3. Nf3 b6 4. Nc3 Bb4 5. Bd2 c5 6. a3 Bxc3 7. Bxc3 Ne4 8. Qc2
Nxc3 9. Qxc3 O-O 10. e3 d6 11. Rd1 Qe7 12. dxc5 dxc5 13. Qe5 Nc6 14. Qh5 e5 15.
Be2 g6 16. Qh6 f6 17. Nd2 Be6 18. Bf3 Rac8 19. O-O f5 20. Bd5 Na5 21. e4 Bxd5
22. exd5 Nb7 23. Rfe1 Nd6 24. b3 Qf6 25. Qe3 Rfe8 26. f3 Kg7 27. a4 a5 28. Qc3
h5 29. Re2 Rc7 30. Rde1 Rce7 31. f4 e4 32. Qxf6+ Kxf6 33. h4 1/2-1/2